Worldwide rubber statistics. 1992 (Record no. 40374)

MARC details
000 -LEADER
fixed length control field 00401nam a2200133Ia 4500
082 ## - DEWEY DECIMAL CLASSIFICATION NUMBER
Classification number NR:31(100)(035)
Item number WOR
245 #0 - TITLE STATEMENT
Title Worldwide rubber statistics. 1992
260 ## - PUBLICATION, DISTRIBUTION, ETC. (IMPRINT)
Place of publication USA
Name of publisher International Inst of Synthetic Rubber Production
Year of publication 1992
650 ## - SUBJECT ADDED ENTRY--TOPICAL TERM
Topical Term Speciality rubbers
650 ## - SUBJECT ADDED ENTRY--TOPICAL TERM
Topical Term Vehicle statistics
650 ## - SUBJECT ADDED ENTRY--TOPICAL TERM
Topical Term World rubber statistics
942 ## - ADDED ENTRY ELEMENTS (KOHA)
Koha item type Books
Holdings
Withdrawn status Lost status Damaged status Not for loan Home library Current library Date acquired Cost, normal purchase price Full call number Accession Number Koha item type
        RRII Library RRII Library 16/12/2021 200.00 NR:31(100)(035) WOR 20674 Books